| 000 | 00845cam a22002651a 4500 | ||
|---|---|---|---|
| 001 | 1000 | ||
| 003 | BD-RjUL | ||
| 005 | 20211208233249.0 | ||
| 008 | 131124s1969 ii 001 0 eng d | ||
| 035 | _a(BD-RjUL)1022 | ||
| 040 |
_aDLC _cDLC _dBD-RjUL _beng |
||
| 041 | _aeng | ||
| 082 | 0 | 0 |
_a027.70954 _216 _bTRA 1969 |
| 100 | 1 |
_aTrehan, G. L., _d1912- _92947 _qG. L.Trehan. |
|
| 245 | 1 | 0 |
_aAdministration and organisation of college libraries in India / _cby G.L. Trehan. Foreword by B.V.R. Rao. |
| 250 | _a[1st ed.] | ||
| 260 |
_aDelhi: _bSterling Publishers, _cc 1969 |
||
| 300 |
_axvi, 252 p. ; _c22 cm. |
||
| 504 | _aBibliography: p. 241-245. | ||
| 650 | 0 |
_aAcademic libraries _zIndia _xAdministration. _92948 |
|
| 856 |
_uWorldcat details _yhttp://www.worldcat.org. |
||
| 942 |
_2ddc _cBK |
||
| 999 |
_c1000 _d1000 |
||